Pre-algebra : (Record no. 22232)
[ view plain ]
| 000 -LEADER | |
|---|---|
| fixed length control field | 00387cam a2200157 i 4500 |
| 020 ## - INTERNATIONAL STANDARD BOOK NUMBER | |
| ISBN | 9780028243610 |
| 040 ## - CATALOGING SOURCE | |
| Transcribing agency | DLC |
| 082 ## - DEWEY DECIMAL CLASSIFICATION NUMBER | |
| Classification number | PRE GLE 1995 C279 Or. |
| 100 1# - MAIN ENTRY--AUTHOR NAME | |
| Personal name | Atkinson, Judith, |
| 245 10 - TITLE STATEMENT | |
| Title | Pre-algebra : |
| Remainder of title | keeping it simple / |
| 250 ## - EDITION STATEMENT | |
| Edition statement | First edition. |
| 300 ## - PHYSICAL DESCRIPTION | |
| Number of Pages | 416 pages : |
| Other physical details | illustrations ; |
| Dimensions | 29 cm |
| 650 #0 - SUBJECT ADDED ENTRY--TOPICAL TERM | |
| Topical Term | Mathematics. |
| 650 #0 - SUBJECT ADDED ENTRY--TOPICAL TERM | |
| Topical Term | Algebra. |
| 942 ## - ADDED ENTRY ELEMENTS (KOHA) | |
| Koha item type | ADB |
| 952 ## - LOCATION AND ITEM INFORMATION (KOHA) | |
| Withdrawn status [LOCAL, KOHA] | 0 |
| 952 ## - LOCATION AND ITEM INFORMATION (KOHA) | |
| Withdrawn status [LOCAL, KOHA] | 0 |
| Permanent Location | Date acquired | Koha item type | Lost status | Shelving location | Barcode | Current Location | Full call number |
|---|---|---|---|---|---|---|---|
| Library Block C | 2023-11-22 | ADB | C279 | a17302 | Library Block C | PRE GLE 1995 C279 Or. | |
| Library Block C | 2023-11-22 | ADB | C279 | a16149 | Library Block C | PRE GLE 1995 C279 Or. |